000 00425nam a22001697a 4500
005 20260408111325.0
008 160613b xxu||||| |||| 00| 0 eng d
020 _a978-1-4165-0249-4
041 _aeng
082 _a158.4
100 _aCovey, Stephen R
_91778
245 _aThe 7 Habbits of highly effective people
260 _bFrantilin coory
_c1989
300 _a352
650 _aApplied psychology
_98941
942 _cBK
999 _c2500
_d2499